00437 a2200121 4500001001000000005001700010008004100027245011100068100003400179700002000213773006500233999001700298ART_2381920260410161850.0260409a 10aAcerca de las ventajas comparadas de sistemas de "Crawling-Peg" activo y pasivo en la economía pequeña1 aMartirena-Mantel, Ana María1 aMantel, Rolf R.0 tEconómicag- Año XXXI, Nº 2/3 (mayo/dic. 1985)wREV7541 c24885d24885